000 00391nam a2200133Ia 4500
008 100328s9999 xx 000 0 und d
082 _b74312
100 _aटिळक अशोक देवदत्त
245 _aटक्करमाळ.
260 _bवाङेमयसेवा.
630 _aटक्करमाळ.
730 _aटक्करमाळ.
942 _cBOOK
999 _c560033
_d560030